Statistics for Landslide - Fleetwood Mac (All Lyrics)

Click here to take the quiz!

General Stats

  • This quiz has been taken 32 times
  • The average score is 142 of 175

Answer Stats

Answer% Correct
too
100%
a
96%
down
96%
I
96%
landslide
96%
love?
96%
love
96%
my
96%
the
96%
and
93%
And
93%
around
93%
child
93%
of
93%
Can
89%
it
89%
life?
89%
life
89%
took
89%
climb
85%
in
85%
me
85%
mountain
85%
turn
85%
you
85%
changin'
81%
climbed
81%
older
81%
reflection
81%
turned
81%
What
81%
above?
78%
brought
78%
built
78%
'Cause
78%
children
78%
handle
78%
heart
78%
I'm
78%
is
78%
I've
78%
ocean
78%
rise
78%
saw
78%
tides?
78%
time
78%
afraid
74%
get
74%
getting
74%
seasons
74%
sky
74%
through
74%
been
70%
But
70%
mirror
70%
oh
70%
Oh
70%
sail
70%
bolder
67%
makes
67%
Well
67%
hills
63%
Even
52%
take
52%
within
52%
bring
48%
see
48%
snow-covered
44%
if
37%
'Til
33%

Score Distribution

Percentile by Number Answered

Percent of People with Each Score

Your Score History

You have not taken this quiz